Commonwealth of Massachusetts. By His Excellency John Hancock, Esquire ... A proclamation for a day of public thanksgiving : ... Thursday, the twenty-ninth day of November next ... Given at the council-chamber, in Boston, the twenty-fifth day of October ... one thousand seven hundred and ninety-two ...

Bibliographic Details
Corporate Author: Massachusetts. Governor (1787-1793 : Hancock)
Other Authors: Hancock, John, 1737-1793
Format: eBook
Language:English
Published: Printed at Boston, Massachusetts, at the State Press : By Thomas Adams, printer to the honourable the General Court, [1792]
Series:Early American imprints. Evans (1639-1800) ; no. 24520.
Subjects:
Online Access:Evans Digital Edition

MARC

Tag First Indicator Second Indicator Subfields
LEADER 00000cam a2200000 a 4500
001 in00002161321
006 m e d #
007 cr mn mmmmabba
008 810730s1792 maua s s000 0 eng d
005 20260330214655.6
035 |z w021259 
035 |a MAAR8107304428B 
035 |9 mwa91-14921 
035 |a 340411 
035 |a aas03021259 
040 |a MWA  |c MWA  |e bdrb  |d UtOrBLW 
110 1 |a Massachusetts.  |b Governor (1787-1793 : Hancock) 
245 1 0 |a Commonwealth of Massachusetts. By His Excellency John Hancock, Esquire ... A proclamation for a day of public thanksgiving :  |b ... Thursday, the twenty-ninth day of November next ... Given at the council-chamber, in Boston, the twenty-fifth day of October ... one thousand seven hundred and ninety-two ... 
264 1 |a Printed at Boston, Massachusetts, at the State Press :  |b By Thomas Adams, printer to the honourable the General Court,  |c [1792] 
300 |a 1 sheet (1 unnumbered page) :  |b illustrations (relief cut) ;  |c 51 x 40 cm. 
336 |a text  |b txt  |2 rdacontent 
337 |a computer  |b c  |2 rdamedia 
338 |a online resource  |b cr  |2 rdacarrier 
500 |a Signed: John Hancock. By His Excellency's command, with the advice and consent of the Council, John Avery, Jun. secretary. 
500 |a Printed area measures 45.9 x 29.6 cm. 
510 4 |a Evans  |c 24520 
510 4 |a Ford, W.C. Broadsides,  |c 2661 
530 |a Microform version available in the Readex Early American Imprints series. 
533 |a Electronic text and image data.  |b [Chester, Vt. :  |c Readex, a division of Newsbank, Inc.,  |d 2002-2004.  |e Includes files in TIFF, GIF and PDF formats with inclusion of keyword searchable text.  |f (Early American imprints. First series ; no. 24520). 
500 |a Electronic resource. 
655 7 |a Broadsides.  |2 rbgenr 
655 7 |a Thanksgiving day proclamations  |y 1792 Nov. 29.  |2 rbgenr 
700 1 |a Hancock, John,  |d 1737-1793. 
752 |a United States  |b Massachusetts  |d Boston. 
830 0 |a Early American imprints.  |n Series I,  |p Evans (1639-1800) ;  |v no. 24520. 
856 4 1 |u http://proxy.library.tamu.edu/login?url=https://opac.newsbank.com/select/evans/24520  |y Evans Digital Edition  |t 0 
999 |a MARS 
999 f f |s 2d3282e4-9508-37e7-9239-a516475e5189  |i 3f032716-4d0a-3fb1-a6cd-bd9c4251af80  |t 0 
952 f f |a Texas A&M University  |b College Station  |c Electronic Resources  |s www_evans  |d Available Online  |t 0  |h No information provided 
998 f f |t 0  |l Available Online